000
00210 a2200109 4500
020
_a
847223147x
041
_a
spa
100
_a
Kinsey Millhone
245
_a
Sue Grafton de rebelde
942
_c
BK
952
_7
1
999
_c
19539
_d
19539